Hādhā dīwān nādirat ʻaṣrihi al-adīb al-bāriʻ al-mashhūr Abī Isḥāq Ibrāhīm ibn Khafājah al-Andalusī.

Saved in:

Main Author: Ibn Khafājah, Ibrāhīm ibn Abī al-Fatḥ, 1058 or 1059-1139 (Author)

Format: Book

Language: Arabic

Published: Miṣr : al-Maṭbaʻah al-Khāṣṣah bi-Jamʻīyat al-Maʻārif, 1286 [1869].

Subjects:

Tags: Add Tag

No Tags, Be the first to tag this record!

Call Number: ( RA )PJ7755 .I22 A17 1869

LEADER 01444nam a2200253Ia 4500
003 OSt
005 20240611085837.0
008 130303s1869 ua 000 p ara d
952 |0 0  |1 0  |2 lcc  |4 0  |7 1  |9 29239  |a ARCE  |b ARCE  |d 2022-01-25  |l 0  |o ( RA )PJ7755 .I22 A17 1869  |p 1029074  |r 2022-01-25 00:00:00  |w 2022-01-25  |y BK 
999 |c 27467  |d 27467 
040 |c ARCE Library 
050 4 |a ( RA )PJ7755 .I22 A17 1869 
100 1 |6 880-01  |a Ibn Khafājah, Ibrāhīm ibn Abī al-Fatḥ,  |d 1058 or 1059-1139,  |e author 
245 1 0 |6 880-02  |a Hādhā dīwān nādirat ʻaṣrihi al-adīb al-bāriʻ al-mashhūr Abī Isḥāq Ibrāhīm ibn Khafājah al-Andalusī. 
246 3 |a Dīwān ibn Khafājah. 
246 3 |a Dīwān ibn Khafājah al-Andalusī. 
264 1 |a Miṣr :  |b al-Maṭbaʻah al-Khāṣṣah bi-Jamʻīyat al-Maʻārif,  |c 1286 [1869]. 
300 |a 135 pages ;  |c 24 cm. 
600 1 0 |a Ibn Khafājah, Ibrāhīm ibn Abī al-Fatḥ,  |d 1058 or 1059-1139  |x Criticism and interpretation. 
650 0 |a Arabic poetry. 
880 1 |6 100-01/(3/r  |a ابن خفاجة، إبراهيم بن أبي الفتح،‪‪‪‪‪‪‪‪‪‪‪‪‪‪‪‪‪‪‪‪‪‪  |d 1058 أو 1059-1139.‪‪‪‪‪‪‪‪‪‪‪‪‪‪‪‪‪‪‪‪‪‪ 
880 1 0 |6 245-02/(3/r  |a هذا ديوان نادرة عصره الأديب البارع المشهور بأبي إسحاق إبراهيم ابن خفاجة الأندلسي 
901 |a reviewed 
942 |c BK  |2 lcc